00703naa a2200241 a 450000100080000000500110000800800410001910000200006024500960008026000090017665300270018565300210021265300110023365300240024465300150026865300210028370000160030470000150032070000190033570000240035470000180037877300650039610596272008-06-04 2008 bl uuuu u00u1 u #d1 aSOUZA, J.R.P.de aDesenvolvimento da espinheira-santa sob diferentes intensidades luminosas e niveis de poda. c2008 aAnalise de crescimento aEspinheira-santa aManejo aMaytenus ilicifolia aMicroclima aPlanta medicinal1 aROCHA, J.N.1 aMORAIS, H.1 aCARAMORI, P.H.1 aJOHANSSON, L.A.P.S.1 aMIRANDA, L.V. tHorticultura Brasileiragv.26, n.1, p.40-44, jan./mar. 2008.